| 000 | 00397nam a22001697a 4500 | ||
|---|---|---|---|
| 003 | MACL | ||
| 005 | 20160114142119.0 | ||
| 008 | 160114b xxu||||| |||| 00| 0 eng d | ||
| 040 | _cMACL | ||
| 041 | _aEnglish | ||
| 082 | _a741.642 | ||
| 100 |
_aChandra,Anil _989 |
||
| 245 | _aThe Mountain Trail | ||
| 260 |
_aDelhi _bAtam Ram &Sons _c2012 |
||
| 650 |
_aChildren book _932256 |
||
| 942 |
_2ddc _cBK |
||
| 999 |
_c52234 _d52234 |
||